Top 25 Base Special Attack Pokemon - Statistics

General Stats
  • This quiz has been taken 263 times
    23 since last reset
  • The average score is 14 of 25
Answer Stats
Hint Generation Answer % Correct
194 I (VI) Mega Mewtwo Y
87%
180 III Deoxys (Attack)
80%
170 I (VI) Mega Gengar
80%
180 III (VI) Primal Kyogre
80%
175 I (VI) Mega Alakazam
73%
165 III (VI) Mega Gardevoir
73%
180 III (VI) Mega Rayquaza
73%
175 V (IX) Mega Chandelure
67%
159 I (VI) Mega Charizard Y
67%
216 VI (IX) Mega Zygarde
67%
167 VII Ultra Necrozma
67%
170 V Kyurem (White)
60%
165 II (VI) Mega Ampharos
60%
170 VI Hoopa Unbound
53%
165 IV (IX) Mega Darkrai
53%
160 VI Mega Diancie
53%
159 VI (IX) Mega Delphox
47%
175 IV (IX) Mega Heatran
47%
173 VII Xurkitree
47%
160 VII (IX) Mega Drampa
40%
160 III (VI) Mega Latios
40%
164 IV (IX) Mega Lucario Z
33%
157 VII Dawn Wings Necrozma
20%
170 VII (IX) Mega Magearna
20%
160 I (IX) Mega Raichu Y
13%
No matching quizzes found
Score Distribution
Percent of People with Each Score
Percentile by Number Answered
Your Score History
You have not taken this quiz since the last reset